| 000 | 00459nam a2200157 4500 | ||
|---|---|---|---|
| 005 | 20170922093510.0 | ||
| 008 | 170922b xxu||||| |||| 00| 0 eng d | ||
| 020 | _a9781119102359 | ||
| 040 | _cPK-LaUMT | ||
| 082 |
_a712 _bAUT- |
||
| 245 |
_aAutonomous assembly : _bdesigning for a new era of collective construction / _cedited by Skylar Tibbits |
||
| 260 |
_aOxford : _bJohn Wiley, _c2017 |
||
| 300 | _a136 p. | ||
| 650 | _aArchitecture design | ||
| 942 | _cBK | ||
| 999 |
_c98391 _d98391 |
||